Hard behind Bars

Đã lưu trong:
Chi tiết về thư mục
Tác giả chính: Lynch, Dirk
Định dạng: Sách
Ngôn ngữ:Tiếng Anh
Được phát hành: New York
Các nhãn: Thêm thẻ
Không có thẻ, Là người đầu tiên thẻ bản ghi này!

MARC

LEADER 00000nam a2200000 4500
001 CDOM0000003810
003 mi
005 20250918170456.0
008 250918b |||||||| |||| 00| 0 eng d
040 |c mi 
100 |a Lynch, Dirk 
245 1 |a Hard behind Bars  
260 |a New York 
942 |2 ddc  |c BK 
952 |0 0  |1 0  |2 ddc  |4 0  |7 0  |9 7016  |a MI  |b MI  |d 2009-09-02  |i 5546  |l 0  |p CDOM5546  |r 2025-07-13 16:28:00  |w 2025-07-13  |x DONO  |y BK 
999 |c 5732  |d 5732